| 000 | 00380nam a2200145Ia 4500 | ||
|---|---|---|---|
| 008 | 230917s9999||||xx |||||||||||||| ||und|| | ||
| 040 |
_e197265 _aMAIN |
||
| 041 | _aEnglish | ||
| 082 | _a570.11 N818I | ||
| 100 | _aNorthrop, Robert B | ||
| 245 | 0 | _aIntroduction to complexity and complex systems | |
| 260 |
_aBoca Raton _bCRC Press _c2011 |
||
| 300 | _axx, 531 p. | ||
| 942 | _cBK | ||
| 999 |
_c163442 _d163442 |
||